| 000 | 01033cam a22003257a 4500 | ||
|---|---|---|---|
| 003 | CHAP | ||
| 005 | 20220329134803.0 | ||
| 008 | 971013s1983 r 00010 d | ||
| 010 | _a25894 | ||
| 011 | _a26866 | ||
| 035 | _a30967 | ||
| 040 | _cCHAP | ||
| 082 |
_a574.82 _bI52 1982 |
||
| 110 |
_aInternational Congress of Plant Tissue and Cell Culture _959655 |
||
| 245 | 0 | _aProgramme and abstracts | |
| 260 |
_aTokyo : _bThe International, _c(1983?) |
||
| 300 | _a258 p | ||
| 590 |
_aBATCH-UPD _b10 _c20130110 _lUCH01 _h1050 |
||
| 590 |
_aBATCH-UPD _b10 _c20130410 _lUCH01 _h0647 |
||
| 590 |
_aBATCH-UPD _b10 _c20130914 _lUCH01 _h0820 |
||
| 590 |
_aCONVERSION _b10 _c20130109 _lUCH01 _h1315 |
||
| 650 | 1 | 4 |
_aCallos (Botánica) _917560 |
| 650 | 1 | 4 |
_aCitología e histología vegetales. _923495 |
| 650 | 1 | 4 |
_aCultivo de tejidos. _930213 |
| 650 | 1 | 4 |
_aGermoplasma. _947766 |
| 650 | 1 | 4 |
_aHibridación vegetal. _955145 |
| 901 | _aBK | ||
| 942 | _cLIBRO | ||
| 949 |
_a574.82 I52 1982 _bBC _cLIBRO _d33724000507018 _eLIBRO _h63504 _i30967 _mD _si |
||
| 999 |
_c25894 _d25894 |
||